000
00301nam a2200133Ia 4500
005
20260328104251.0
008
260328s9999||||xx |||||||||||||| ||und||
100
_a
Howes, C.
245
0
_a
Practica del Tapizado /
_c
C. Howes
260
_b
Cead
300
_a
165 p.
650
_a
TAPIZADO
942
_c
BK
999
_c
10250
_d
10250